| 000 | 00648nam a2200229Ia 4500 | ||
|---|---|---|---|
| 001 | 10686 | ||
| 003 | GE_BSU | ||
| 008 | 181216s||||||||xx |||||||||||||| ||und|| | ||
| 040 | _cGE_BSU | ||
| 080 | _a821.353.1-1 | ||
| 100 | _aფოცხიშვილი,მორის | ||
| 245 | _aდისკო | ||
| 245 | _bლექსები. | ||
| 245 | _cრედ.ა.ბრეგაძე;მხატვ.თ.ფოცხიშვილი. | ||
| 260 | _aთბილისი. | ||
| 260 | _bნაკადული. | ||
| 260 | _c1985. | ||
| 300 | _a151გვ;20სმ. | ||
| 300 | _eილ. | ||
| 653 | _aდისკო | ||
| 942 | _cBK | ||
| 999 |
_c43937 _d43937 |
||